000 00331nam a22001337a 4500
005 20170105102932.0
040 _a1
082 _a686.2325
_bISL 2013
245 _aIslam in Brazil
260 _aIslamabad
_bNational University of Science and Technology
_c2013
300 _a35 p
_b28 cm
650 _2Photo exhibition
942 _2ddc
_cBK
999 _c16078
_d16078